Statistics for United Kingdom Geography by Letter R - Picture Quiz

Click here to take the quiz!

General Stats

  • This quiz has been taken 206 times
    (145 since last reset)
  • The average score is 6 of 15

Answer Stats

Answer% Correct
{Royal} {Albert} Hall
95%
Rutland
75%
Bognor {Regis}
74%
Rhyl
62%
{Regent's} Park
61%
Ryde
50%
{Rochester} Cathedral
43%
Renfrewshire
34%
{Roundhay} Park
28%
Ramsey
24%
Rum
24%
Rockall
19%
Rothesay
15%
{Rathlin} Island
13%
{Rothera} Research Station
6%

Score Distribution

Percentile by Number Answered

Percent of People with Each Score

Your Score History

You have not taken this quiz since the last reset